Pūtattāl̲vār aruḷiya Iraṇṭāntiruvantāti. (Record no. 89621)
[ view plain ]
| 000 -LEADER | |
|---|---|
| fixed length control field | 01071cam a22003011 4500 |
| 001 - CONTROL NUMBER | |
| control field | sa 68020892 |
| 003 - CONTROL NUMBER IDENTIFIER | |
| control field | DLC |
| 005 - DATE AND TIME OF LATEST TRANSACTION | |
| control field | 20260227112728.0 |
| 008 - FIXED-LENGTH DATA ELEMENTS--GENERAL INFORMATION | |
| fixed length control field | 840614s1967 ii 000 0 tamo |
| 010 ## - LIBRARY OF CONGRESS CONTROL NUMBER | |
| LC control number | sa 68020892 |
| 025 ## - OVERSEAS ACQUISITION NUMBER | |
| Overseas acquisition number | PL480:I-T-1938 |
| 035 ## - SYSTEM CONTROL NUMBER | |
| System control number | (OCoLC)21637465 |
| 040 ## - CATALOGING SOURCE | |
| Original cataloging agency | DLC |
| Transcribing agency | CU |
| Modifying agency | DLC |
| 042 ## - AUTHENTICATION CODE | |
| Authentication code | premarc |
| 050 00 - LIBRARY OF CONGRESS CALL NUMBER | |
| Classification number | BL1228.2 |
| Item number | .I85 |
| 130 0# - MAIN ENTRY--UNIFORM TITLE | |
| Uniform title | Iyar̲pā. |
| Name of part/section of a work | Iraṇṭāntiruvantāti. |
| 245 10 - TITLE STATEMENT | |
| Title | Pūtattāl̲vār aruḷiya Iraṇṭāntiruvantāti. |
| Statement of responsibility, etc. | Periyavāccn̲̄piḷḷai vyākyān̲am, Appiḷḷaiyurai vivaraṇttuṭan̲. Patippāciriyar S. Kiruṣṇasvāmi Ayyaṅkār. |
| 260 ## - PUBLICATION, DISTRIBUTION, ETC. | |
| Place of publication, distribution, etc. | [Tirucci? |
| Date of publication, distribution, etc. | 1967] |
| 300 ## - PHYSICAL DESCRIPTION | |
| Extent | 4, 2, 385 p. |
| Dimensions | 23 cm. |
| 490 0# - SERIES STATEMENT | |
| Series statement | Śrīsūktimālā ; |
| Volume/sequential designation | malar 22 |
| 500 ## - GENERAL NOTE | |
| General note | In Tamil. |
| 500 ## - GENERAL NOTE | |
| General note | Previously published serially in Śrīvaiṣṇava Sūtarcan̲am. |
| 650 #0 - SUBJECT ADDED ENTRY--TOPICAL TERM | |
| Topical term or geographic name entry element | Hindu devotional literature, Tamil. |
| 700 0# - ADDED ENTRY--PERSONAL NAME | |
| Personal name | Pūtattāl̲vār. |
| 700 0# - ADDED ENTRY--PERSONAL NAME | |
| Personal name | Periyavāccān̲piḷḷai, |
| Dates associated with a name | active 15th century. |
| 700 0# - ADDED ENTRY--PERSONAL NAME | |
| Personal name | Appiḷḷai. |
| 700 2# - ADDED ENTRY--PERSONAL NAME | |
| Personal name | Krishnaswamy Iyengar, Srinivasa, |
| Dates associated with a name | 1924- |
No items available.